Countries closest to the Marshall Islands - Statistics

General Stats
  • This quiz has been taken 9 times
  • The average score is 13 of 20
Answer Stats
Distance (km) Country % Correct
5257 Australia (Canberra) ๐Ÿ‡ฆ๐Ÿ‡บ
100%
7310 Indonesia (Yakarta) ๐Ÿ‡ฎ๐Ÿ‡ฉ
100%
665 Kiribati (South Tarawa) ๐Ÿ‡ฐ๐Ÿ‡ฎ
100%
3464 Tonga (Nukuโ€™alofa) ๐Ÿ‡น๐Ÿ‡ด
89%
1940 Tuvalu (Funafuti) ๐Ÿ‡น๐Ÿ‡ป
89%
2911 Fiji (Suva) ๐Ÿ‡ซ๐Ÿ‡ฏ
78%
983 Nauru (Yaren) ๐Ÿ‡ณ๐Ÿ‡ท
78%
4053 Palau (Ngerulmud) ๐Ÿ‡ต๐Ÿ‡ผ
78%
2780 Vanuatu (Port Vila) ๐Ÿ‡ป๐Ÿ‡บ
78%
1459 Micronesia (Palikir) ๐Ÿ‡ซ๐Ÿ‡ฒ
67%
2979 Samoa (Apia) ๐Ÿ‡ผ๐Ÿ‡ธ
67%
3251 Papua New Guinea (Port Moresby) ๐Ÿ‡ต๐Ÿ‡ฌ
56%
5556 Philippines (Manila) ๐Ÿ‡ต๐Ÿ‡ญ
56%
2231 Solomon Islands (Honiara) ๐Ÿ‡ธ๐Ÿ‡ง
44%
2997 United States (Guam) ๐Ÿ‡บ๐Ÿ‡ธ๐Ÿ‡ฌ๐Ÿ‡บ
44%
2935 United States (Northern Mariana Islands) ๐Ÿ‡บ๐Ÿ‡ธ๐Ÿ‡ฒ๐Ÿ‡ต
44%
539 New Zeland (Wellington) ๐Ÿ‡ณ๐Ÿ‡ฟ
33%
3662 United States (Hawaii) ๐Ÿ‡บ๐Ÿ‡ธ
33%
1452 United States (Wake Island) ๐Ÿ‡บ๐Ÿ‡ธ
33%
3309 France (New Caledonia) ๐Ÿ‡ซ๐Ÿ‡ท๐Ÿ‡ณ๐Ÿ‡จ
22%
No matching quizzes found
Score Distribution
Percent of People with Each Score
Percentile by Number Answered
Your Score History
You have not taken this quiz